| 000 | 00362nam a22001217a 4500 | ||
|---|---|---|---|
| 082 | _a220 PRO | ||
| 100 |
_aMASHOOD, NAVEED, ZIA UL MANAN _972050 |
||
| 245 | _aPR-SOF-1275-SOLAR HYBRID, STRATIFIED THERMAL ENERGY STORAGE TANK | ||
| 260 |
_aISLAMABAD _bNUST COLLEGE OF EME _c2013 |
||
| 650 | _aDE-MECH-31 | ||
| 700 |
_aSUPERVISOR AHMED SOHAIL _972051 |
||
| 942 | _cCR | ||
| 999 |
_c578255 _d578255 |
||